00341nam a22001097a 4500020000800000040001600008082001500024100002500039245007200064260006100136300003400197 qHB. cFIZZA ISHAQ a901.9bRUS aMajor , J. Russell. aThe Western World: Renaissance to the Present /c J. Russell Major. aPhiladelphia New York:bJ. B. Lippincott Company,c1966. axv , 1152 P. : ill. ;c24 CM